| 000 | 00445nam a22001457a 4500 | ||
|---|---|---|---|
| 999 |
_c15385 _d15385 |
||
| 008 | 200620b ||||| |||| 00| 0 eng d | ||
| 020 | _a9715504906 | ||
| 082 |
_22005 _aDFil 899.2113 _bL23 |
||
| 245 |
_aBughaw na langit ni Angelo/ _cDomingo G. Landicho |
||
| 260 |
_aQuezon City: _bADMU Press, _c©2005. |
||
| 300 |
_apages 50-67; _c18 am. |
||
| 500 | _aBathaluman at ibang kuwento | ||
| 650 |
_aShort stories, Filipino _942217 |
||
| 942 |
_2ddc _cPER |
||